00491nam a2200193 a 4500001001300000003000900013005001700022008004100039020000900080082001500089100001500104245002400119260002900143300000900172500003500181505003400216650003200250700001500282nice12345678IN_TiNIC20260116011722.0050524s1975 kara grp 000 0 eng  ac1200a229.9bRAH aRahim, M A aGospel of Barnabas. aKarachibFazleesonc1975 a237p aincludes index and biblioraphy2 aAppendex, Bibliography, Index aApocryphal Gospels-Barnabas1 aRahim, M A